[Event "Landesliga Sued 0708"]
[Site "Bayern"]
[Date "2007.12.09"]
[Round "4.5"]
[White "Nuber, Korbinian"]
[Black "Jannasch, Franz"]
[Result "1-0"]
[WhiteElo "2108"]
[BlackElo "2153"]
[PlyCount "47"]
[EventDate "2007.10.21"]
[EventType "team-tourn"]
[EventRounds "9"]
[EventCountry "GER"]
[SourceTitle "EXT 2009"]
[Source "ChessBase"]
[SourceDate "2008.11.26"]
[SourceVersion "1"]
[SourceVersionDate "2008.11.26"]
[SourceQuality "1"]
[WhiteTeam "Dillingen"]
[BlackTeam "Weilheim"]
[WhiteTeamCountry "GER"]
[BlackTeamCountry "GER"]

1. e4 Nf6 2. Nc3 d5 3. e5 Ne4 4. Nxe4 dxe4 5. d4 Bf5 6. Ne2 e6 7. Ng3 Nd7 8. Bc4 c5 9. c3 cxd4 10. cxd4 Qa5+ 11. Bd2 Qb6 12. Bc3 Rc8 13. Qb3 Bg6 14. 0-0 Qc7 15. Be2 h5 16. Rfc1 h4 17. Bd2 Qd8 18. Bg5 Be7 19. Bxe7 Kxe7 20. Nf1 Qb6 21. Bb5 a6 22. Qb4+ Kd8 23. Rxc8+ Kxc8 24. Bxd7+ 1-0

[Event "AUT-chT2W 0304"]
[Site "Austria"]
[Date "2004.01.16"]
[Round "6"]
[White "Jannasch, Franz"]
[Black "Kroell, Johannes"]
[Result "0-1"]
[WhiteElo "2170"]
[BlackElo "2192"]
[PlyCount "44"]
[EventDate "2003.10.18"]
[EventType "team-tourn"]
[EventRounds "11"]
[EventCountry "AUT"]
[SourceTitle "EXT 2005"]
[Source "ChessBase"]
[SourceDate "2004.11.15"]
[SourceVersion "1"]
[SourceVersionDate "2004.11.15"]
[SourceQuality "1"]
[WhiteTeam "Innsbruck"]
[BlackTeam "Zillertal/www.zulieferer.cc	"]
[WhiteTeamCountry "AUT"]
[BlackTeamCountry "AUT"]

1. d4 b5 2. e4 Bb7 3. Bxb5 Bxe4 4. Nf3 e6 5. 0-0 Nf6 6. Nc3 Bb7 7. a3 c5 8. Re1 a6 9. Ba4 cxd4 10. Nxd4 Qc7 11. Bg5 Bd6 12. Ndb5 axb5 13. Nxb5 Bxh2+ 14. Kh1 Qc6 15. f3 Rxa4 16. Kxh2 Qxb5 17. c4 Rxc4 18. Qd6 Qxg5 19. Qxb8+ Bc8 20. b3 Rh4+ 21. Kg1 Qc5+ 22. Kf1 0-0 0-1

[Event "AUT-chT2W 0304"]
[Site "Austria"]
[Date "2003.11.15"]
[Round "4"]
[White "Braun, Arik"]
[Black "Jannasch, Franz"]
[Result "1/2-1/2"]
[WhiteElo "2366"]
[BlackElo "2170"]
[PlyCount "77"]
[EventDate "2003.10.18"]
[EventType "team-tourn"]
[EventRounds "11"]
[EventCountry "AUT"]
[SourceTitle "CBM 097 Extra"]
[Source "ChessBase"]
[SourceDate "2004.01.13"]
[SourceVersion "1"]
[SourceVersionDate "2004.01.13"]
[SourceQuality "1"]
[WhiteTeam "Hohenems II"]
[BlackTeam "Innsbruck"]
[WhiteTeamCountry "AUT"]
[BlackTeamCountry "AUT"]

1. d4 Nf6 2. c4 g6 3. Nc3 c5 4. d5 d6 5. e4 Bg7 6. Bd3 0-0 7. Nge2 a6 8. a4 Nbd7 9. h3 Ne5 10. 0-0 e6 11. dxe6 fxe6 12. Bg5 h6 13. Be3 Bd7 14. f4 Nxd3 15. Qxd3 Qc7 16. e5 dxe5 17. fxe5 Qxe5 18. Bf4 Qf5 19. Qd2 Qh5 20. Bd6 Rf7 21. Nf4 Qg5 22. Rae1 Bc6 23. Re5 Qg3 24. Re3 Qh4 25. Nxe6 Qxc4 26. Rf4 Ne4 27. Rexe4 Bxe4 28. Nxg7 Rxf4 29. Bxf4 Rf8 30. Kh2 Bc6 31. Be5 Qf1 32. Ne6 Re8 33. Nd5 Rxe6 34. Qxh6 Rxe5 35. Qxg6+ Kf8 36. Qd6+ Kf7 37. Qxe5 Qf2 38. Qe7+ Kg6 39. Qe6+ 1/2-1/2

[Event "AUT-chT2W 0203"]
[Site "Austria"]
[Date "2003.02.02"]
[Round "9"]
[White "Hengl, Christian"]
[Black "Jannasch, Franz"]
[Result "1/2-1/2"]
[WhiteElo "2206"]
[BlackElo "2189"]
[PlyCount "63"]
[EventDate "2002.10.??"]
[EventType "team-tourn"]
[EventRounds "11"]
[EventCountry "AUT"]
[SourceTitle "EXT 2004"]
[Source "ChessBase"]
[SourceDate "2003.11.25"]
[SourceVersion "1"]
[SourceVersionDate "2003.11.25"]
[SourceQuality "1"]

1. e4 e6 2. d4 b6 3. Bd3 Bb7 4. f3 c5 5. c3 Nc6 6. Be3 Nf6 7. a3 Be7 8. Ne2 Rc8 9. b4 0-0 10. 0-0 Qc7 11. Nd2 d6 12. Qb1 Rfd8 13. Rc1 Nb8 14. h3 Nbd7 15. f4 c4 16. Bc2 e5 17. fxe5 dxe5 18. d5 Nf8 19. Ng3 Ne8 20. Rf1 Nd6 21. Bd1 Ng6 22. Bg4 Ra8 23. Qd1 a5 24. Nf5 axb4 25. axb4 Rxa1 26. Qxa1 Ra8 27. Qb2 Nxf5 28. Bxf5 Nf4 29. Ra1 Rf8 30. Ra7 h5 31. Nxc4 Qxc4 32. Rxb7 1/2-1/2

[Event "AUT-chT2W 0203"]
[Site "Austria"]
[Date "2003.01.31"]
[Round "7"]
[White "Gattenloehner, Sebastian"]
[Black "Jannasch, Franz"]
[Result "1-0"]
[WhiteElo "2216"]
[BlackElo "2189"]
[PlyCount "107"]
[EventDate "2002.10.??"]
[EventType "team-tourn"]
[EventRounds "11"]
[EventCountry "AUT"]
[SourceTitle "EXT 2004"]
[Source "ChessBase"]
[SourceDate "2003.11.25"]
[SourceVersion "1"]
[SourceVersionDate "2003.11.25"]
[SourceQuality "1"]

1. e4 Nf6 2. e5 Nd5 3. d4 Nc6 4. c4 Nb6 5. d5 Nxe5 6. c5 Nbc4 7. Qd4 b5 8. cxb6 c5 9. Qc3 Ba6 10. b7 Bxb7 11. Bxc4 Nxc4 12. Qxc4 e6 13. Nc3 Be7 14. Nge2 0-0 15. 0-0 a5 16. Rd1 a4 17. d6 Bg5 18. Qxc5 Bxc1 19. Raxc1 Ra5 20. Qe3 f5 21. f3 Rf6 22. b4 axb3 23. axb3 e5 24. b4 f4 25. Qd3 Qb6+ 26. Kh1 Ra3 27. Qc4+ Rf7 28. Nd5 Qxd6 29. Nec3 Qe6 30. Ne4 h6 31. Nc5 Bxd5 32. Qxd5 Qf5 33. Nxd7 Re3 34. b5 Re2 35. Qd3 Re1+ 36. Rxe1 Qxd3 37. Nxe5 Qxb5 38. Nxf7 Kxf7 39. h3 g5 40. Rc7+ Kf6 41. Rec1 Qb4 42. Kh2 Qd2 43. R1c6+ Ke5 44. Re7+ Kf5 45. Rxh6 Qf2 46. Re4 Qb2 47. Rhe6 Qa1 48. R4e5+ Qxe5 49. Rxe5+ Kxe5 50. h4 Kf6 51. Kh3 Kf5 52. h5 Ke6 53. Kg4 Kf6 54. h6 1-0